Cristino de la Vera (Record no. 39056)

MARC details
000 -LEADER
campo de control de longitud fija 00727nam a2200217 i 4500
001 - NÚMERO DE CONTROL
campo de control 39056
003 - IDENTIFICADOR DE NÚMERO DE CONTROL
campo de control ES-MaACL
005 - FECHA Y HORA DE LA ÚLTIMA TRANSACCIÓN
campo de control 20231213062937.0
007 - CAMPO FIJO DE DESCRIPCIÓN FÍSICA--INFORMACIÓN GENERAL
campo de control de longitud fija t|
008 - DATOS DE LONGITUD FIJA--INFORMACIÓN GENERAL
campo de control de longitud fija 030227s1975 sp ||||1| spa d
100 1# - ENTRADA PRINCIPAL--NOMBRE DE PERSONA
Nombre de persona Campoy, A. M.,
Fechas asociadas al nombre 1924-1993
9 (RLIN) 34292
245 10 - MENCIÓN DEL TÍTULO
Título Cristino de la Vera
Resto del título : vida y obra /
Mención de responsabilidad, etc. por Antonio Manuel Campoy.
260 ## - PUBLICACIÓN, DISTRIBUCIÓN, ETC.
Lugar de publicación, distribución, etc. Madrid :
Nombre del editor, distribuidor, etc. Ibérico Europea de Ediciones,
Fecha de publicación, distribución, etc. [1975]
300 ## - DESCRIPCIÓN FÍSICA
Extensión 327 p., 29 lám. :
Otras características físicas il. ;
Dimensiones 32 cm.
490 1# - MENCIÓN DE SERIE
Mención de serie Arte contemporáneo español ;
Designación de volumen o secuencia 14
600 04 - PUNTO DE ACCESO ADICIONAL DE MATERIA--NOMBRE DE PERSONA
Nombre de persona Vera, Cristino de.
9 (RLIN) 113940
830 0# - PUNTO DE ACCESO ADICIONAL DE SERIE-TÍTULO UNIFORME
Título uniforme Arte contemporáneo español ;
Designación de volumen o secuencia 14
9 (RLIN) 182302
852 ## - LOCALIZACIÓN
Ubicación ES-MaACL
Número de control de estantería A-5858
Sublocalización o colección R.94699
852 ## - LOCALIZACIÓN
Ubicación ES-MaACL
Número de control de estantería A-5859
Sublocalización o colección R.94924
Holdings
Estatus retirado Estado de pérdida Estado de daño No para préstamo Biblioteca de origen Biblioteca actual Ubicación en estantería Fecha de adquisición Fuente de adquisición Total de préstamos Signatura topográfica completa Código de barras Visto por última vez Precio de reemplazo Tipo de ítem Koha
        Biblioteca del Ateneo de Madrid Biblioteca del Ateneo de Madrid Sala Pecera Planta 1 17/01/2008     A-5859 1041130 23/02/2023 23/02/2023 Libro impreso
        Biblioteca del Ateneo de Madrid Biblioteca del Ateneo de Madrid Sala Pecera Planta 1 17/01/2008     A-5858 1041129 23/02/2023 23/02/2023 Libro impreso